Richards vier Bücher Geschichten Das dritte Buch
Elmentve itt :
| Dokumentumtípus: | Cikk |
|---|---|
| Megjelent: |
1950
|
| Sorozat: | Kolligátum
|
| Kulcsszavak: | Középkor története - évkönyv |
| Online Access: | http://misc.bibl.u-szeged.hu/23920 |
| LEADER | 00516nab a2200157 i 4500 | ||
|---|---|---|---|
| 001 | misc23920 | ||
| 005 | 20191111110406.0 | ||
| 008 | 170822s1950 hu o 0|| zxx d | ||
| 040 | |a SZTE Miscellanea Repozitórium |b hun | ||
| 041 | |a zxx | ||
| 245 | 0 | 0 | |a Richards vier Bücher Geschichten |h [elektronikus dokumentum] : |b Das dritte Buch |
| 260 | |c 1950 | ||
| 300 | |a 38-53 | ||
| 490 | 0 | |a Kolligátum | |
| 695 | |a Középkor története - évkönyv | ||
| 856 | 4 | 0 | |u http://misc.bibl.u-szeged.hu/23920/1/010_014_038-053.pdf |z Dokumentum-elérés |